| 000 | 00553nam a2200229Ia 4500 | ||
|---|---|---|---|
| 008 | 160819s9999 xx 000 0 und d | ||
| 020 | _a978-1-4494-6107-2 | ||
| 050 | _aFIC L48l | ||
| 050 | _b2014 | ||
| 100 | _aLeav, Lang. | ||
| 245 | _aLullabies / | ||
| 245 | _cLang Leav. | ||
| 260 | _aKansas : | ||
| 260 | _bAndrews McMeel Publishing, | ||
| 260 | _c2014 | ||
| 300 | _a235 pages : | ||
| 300 | _c21 cm. | ||
| 500 | _aIncludes index | ||
| 650 | _aEnglish poetry -- 21st century. | ||
| 650 | _aLove poetry. | ||
| 650 | _xEnglish poetry. | ||
| 999 |
_c300627 _d300627 |
||